| 000 | 00490nam a22001817a 4500 | ||
|---|---|---|---|
| 999 |
_c10305 _d10305 |
||
| 003 | GBCCL | ||
| 005 | 20241126110729.0 | ||
| 008 | 240611b ||||| |||| 00| 0 eng d | ||
| 020 | _a9781904889533 | ||
| 040 | _cGBC | ||
| 082 |
_a227.8107 _bWAL |
||
| 100 |
_aWallace, Mark _917897 |
||
| 245 |
_a1 Thessalonians : _bliving to please God |
||
| 260 |
_aUK : _bThe good book company, _c2021 |
||
| 300 | _a68p. ; | ||
| 650 |
_aBible _vNew Testament _x1 Thessalonians _917898 |
||
| 942 |
_2ddc _cBK |
||